Принципы разработки малоотходных и безотходных технологий: учебное пособие

গ্রন্থ-পঞ্জীর বিবরন
প্রধান লেখক: Сутягин В. М. Владимир Михайлович
সংস্থা লেখক: Томский политехнический университет (ТПУ) Институт дистанционного образования (ИДО)
অন্যান্য লেখক: Бондалетов В. Г. Владимир Григорьевич, Кукурина О. С. Ольга Сергеевна
ভাষা:রুশ
প্রকাশিত: Томск, Изд-во ТПУ, 2009
সংস্করন:2-е изд., перераб. и доп.
বিষয়গুলি:
বিন্যাস: গ্রন্থ
KOHA link:https://koha.lib.tpu.ru/cgi-bin/koha/opac-detail.pl?biblionumber=184418

MARC

LEADER 00000nam0a2200000 4500
001 184418
005 20240119133219.0
035 |a (RuTPU)RU\TPU\book\200000 
035 |a RU\TPU\book\43942 
090 |a 184418 
100 |a 20100908d2009 m y0rusy50 ca 
101 0 |a rus 
102 |a RU 
105 |a a j 001zy 
200 1 |a Принципы разработки малоотходных и безотходных технологий  |e учебное пособие  |f В. М. Сутягин, В. Г. Бондалетов, О. С. Кукурина  |g Томский политехнический университет (ТПУ), Институт дистанционного образования (ИДО) 
205 |a 2-е изд., перераб. и доп. 
210 |a Томск  |c Изд-во ТПУ  |d 2009 
215 |a 184 с.  |c ил. 
320 |a Библиогр.: с. 183. 
606 1 |a Химические производства  |x Влияние на окружающую среду  |2 stltpush  |3 (RuTPU)RU\TPU\subj\31083  |9 54043 
610 1 |a химическая технология 
610 1 |a малоотходные технологии 
610 1 |a безотходные технологии 
610 1 |a создание 
610 1 |a экологически безопасные технологии 
610 1 |a отходы 
610 1 |a снижение 
610 1 |a интенсификация 
610 1 |a оптимизация 
610 1 |a химико-технологические процессы 
610 1 |a кооперирование 
610 1 |a оборудование 
610 1 |a сырье 
610 1 |a вторичные ресурсы 
610 1 |a использование 
610 1 |a реакторы 
610 1 |a расчет 
610 1 |a компоновка 
610 1 |a рационализация 
610 1 |a энергия 
610 1 |a межотраслевое сотрудничество 
610 1 |a учебные пособия 
610 1 |a труды учёных ТПУ 
610 1 |a дистанционное образование 
675 |a 66.013.8:628(075.8)  |v 3 
700 1 |a Сутягин  |b В. М.  |c российский химик  |c профессор Томского политехнического университета  |f 1936-  |g Владимир Михайлович  |3 (RuTPU)RU\TPU\pers\22011 
701 1 |a Бондалетов  |b В. Г.  |c химик-технолог  |c профессор Томского политехнического университета, доктор технических наук  |f 1957-  |g Владимир Григорьевич  |3 (RuTPU)RU\TPU\pers\25605  |9 11534 
701 1 |a Кукурина  |b О. С.  |c химик  |c доцент Томского политехнического университета, кандидат химических наук  |f 1975-  |g Ольга Сергеевна  |3 (RuTPU)RU\TPU\pers\26767  |9 12410 
712 0 2 |a Томский политехнический университет (ТПУ)  |b Институт дистанционного образования (ИДО)  |3 (RuTPU)RU\TPU\col\12625 
801 1 |a RU  |b 63413507  |c 20020912  |g PSBO 
801 2 |a RU  |b 63413507  |c 20201022  |g PSBO 
942 |c BK